| 000 | 00757nam a22002177a 4500 | ||
|---|---|---|---|
| 005 | 20170426111355.0 | ||
| 010 | _aENG-112693 | ||
| 020 |
_a9789351433910 _c1195.00 |
||
| 035 | _aEN-96225 | ||
| 037 | _bDBAD/PUB | ||
| 082 | _a347.5431033 | ||
| 100 | _aViraraghavan, Ramkrishnan | ||
| 245 |
_aMLJ's Madras high court letters patent, appellate & original side rules / _cby Ramkrishnan Viraraghavan; forwarded by Sanjay Kishan Kaul |
||
| 250 | _a6th ed | ||
| 260 |
_aGurgaon _bLexisNesis _c2015 |
||
| 270 |
_a14th Floor, Building No.10, Tower-B, DLF Cyber City, Phase-II, _bGurgaon _e122002 |
||
| 300 |
_axxxix,806p. _c25cm(Hb) |
||
| 500 | _aIncludes index | ||
| 700 | _aKaul, Sanjay Kishan | ||
| 942 |
_2ddc _cEN _mVIR _h347.5431033 |
||
| 999 |
_c92892 _d92892 |
||